Statistiques concernant Classiques Disney / Pixar - Mauvais résumé

Cliquez ici pour prendre le quiz!

Statistiques générales

  • Ce quiz a été pris 547 fois
  • Le résultat moyen est 5 sur 9

Statistiques - réponses

HintRéponse% Correct
Elle fais le ménage toute la journée et parle avec des sourisCendrillon
97%
Un cowboy tente d'assassiner un astronaute pour l'amour et l'attention d'un enfantToy Story
89%
Elle a été emprisonnée mais épouse un banditRaiponce
76%
Elle dort pour ne pas servir 7 hommesBlanche Neige et les 7 nains
64%
Il fugue en pensant avoir tué son père et retrouve le calme après avoir tué son oncleLe roi lion
53%
Elle épouse un homme qui pêche toute sa famille et ses amisLa petite sirène
41%
Un manipulateur crée une fausse identité pour séduire une riche héritièreAladdin
30%
Une orpheline voyage pour connaitre son histoire et découvre qu'elle est vraiment orphelineAnastasia
17%
Ils séquestrent une petite fille et elle développe le syndrome de StockholmMonstres et Cie
12%

Distribution des résultats

Percentile par nombre de réponses

% des personnes avec chaque résultat

Votre développement - résultats

Vous n’avez pas pris ce quiz